Najpopularniejsze sklepy budowlano-meblowe w Polsce - Statystyki

Ogólne statystyki
  • Ten quiz został rozwiązany 67 razy
  • Średni wynik to 3 z 8
Statystyki odpowiedzi
Liczba sklepów Sklep % Poprawnych
98 Castorama
78%
318 PSB-Mrówka
60%
234 Jysk Nordic
38%
170 Bricomarché
36%
431 Black Red White
31%
320 Bodzio
22%
100 Abra Meble
9%
178 VOX
2%
Nie znaleziono quizów pasujących do podanych kryteriów
Rozkład punktacji
Procent ludzi z każdym wynikiem
Percentyl według liczby udzielonych odpowiedzi
Twoja historia wyników
Nie rozwiązałeś tego quizu